LEADER 01418nam a2200217 i 4500 001 000000246625 003 CaOOAMICUS 005 20151118000000.0 008 151118s1856 it u000 u ita u 013 $a225530 040 $aSeMil$bita 245 10$aVol. 8. 300 $a1 v. (paginazione varia). 490 0 $aTesoro cattolico. Classe 3., Eloquenza, letteratura e varietà : scelta di opere antiche e moderne atte a sanar le piaghe religiose e politiche che affliggono l'odierna società ;$v18 773 0 $tPiccola biblioteca religiosa, morale, scientifica e letteraria.$dNapoli : A spese della Società Editrice, 1850-1856.$kTesoro cattolico. Classe 3., Eloquenza, letteratura e varietà : scelta di opere antiche e moderne atte a sanar le piaghe religiose e politiche che affliggono l'odierna società$g8$w()32825 774 0 $aSolaro della Margherita, Clemente <1792-1869>$tMemorandum storico-politico.$w()325268 774 0 $aLuxardo, Fedele$tTrattatello elementare di sacra eloquenza e armonie sacre.$w()325269 830 0$aTesoro cattolico. Classe 3., Eloquenza, letteratura e varietà : scelta di opere antiche e moderne atte a sanar le piaghe religiose e politiche che affliggono l'odierna società ;$v18.$0(OLS)http://semarc/title/44431 850 $aSeMil 852 $aSeMil$W1$xVenegono$y1$m3H VII 49 FA$j196971$B196971$CSeMilBibl$Z2$F207986 $8I 996 $6245$aVol. 8$9(OLS)http://semarc/title/164222 LEADER 01166nam a2200265 i 4500 001 000000116419 003 CaOOAMICUS 005 20091126000000.0 008 091126s1997 sp u000 u spa u 013 $a89108 040 $aSeMil$bita 100 1 $aMartini, Carlo Maria,$c.$0(OLS)http://semarc/name/89159 240 10$aAprirsi : massime spirituali.$0(OLS)http://semarc/title/153694 245 10$aAbrirse :$bmáximas espirituales /$cCarlo Maria Martini ; seleccionades por Cristina Povero. 260 $aSantander :$bSal Terrae,$ccopyr. 1997. 300 $a95 p. ;$c20 cm. 500 $aFondo Card. C.M. Martini. 650 4$aMartini, Carlo Maria - Meditazioni.$0(OLS)http://semarc/subject/15676 700 1 $aPovero, Cristina.$0(OLS)http://semarc/name/44638 850 $aSeMil 852 $aSeMil$W1$xVenegono$y1$m2F I 295$j71863$B71863$CSeMilBibl$Z2$F103756 $81 941 1 $a4 961 $aOmaggio: Martini Card. Carlo Maria 996 $6245$aAbrirse :$bmáximas espirituales$9(OLS)http://semarc/title/170724 996 $6260$aSantander :$bSal Terrae$9(OLS)http://semarc/publisher/32293